Southville International School and Colleges
Your cart is empty.
  • Cart
  • Lists
    Public lists Eva Luna New books Lux_list list_1
    Your lists Log in to create your own lists
  • Log in to your account
  • Your cookies
  • Search history
Southville International School and Colleges
  • Advanced search
  • Recent comments
  • Most popular
  • Libraries

Log in to your account

Log in with GOOGLE


If you do not have an external account, but do have a local account, you can still log in:

  1. Home
  2. MARC view: Human movement:
Normal view MARC view ISBD view

Human movement: (Record no. 24476)

[ view plain ]
MARC details
000 -LEADER
fixed length control field 00609nam a2200229 a 4500
005 - DATE AND TIME OF LATEST TRANSACTION
control field 20140310183524.0
008 - FIXED-LENGTH DATA ELEMENTS--GENERAL INFORMATION
fixed length control field 110802s19uu xx 00 eng d
020 ## - INTERNATIONAL STANDARD BOOK NUMBER
International Standard Book Number 9780702031342
050 ## - LIBRARY OF CONGRESS CALL NUMBER
Classification number QP 303
Item number .H88 2010
245 ## - TITLE STATEMENT
Title Human movement:
Remainder of title an introductory text.
250 ## - EDITION STATEMENT
Edition statement 6th
260 ## - PUBLICATION, DISTRIBUTION, ETC. (IMPRINT)
Place of publication, distribution, etc London :
Name of publisher, distributor, etc Elsevier,
Date of publication, distribution, etc 2010.
300 ## - PHYSICAL DESCRIPTION
Extent 268 p. :
Other physical details ill. ;
Dimensions 25 cm.
521 ## - TARGET AUDIENCE NOTE
Target audience note
650 ## - SUBJECT ADDED ENTRY--TOPICAL TERM
Topical term or geographic name as entry element Human mechanics.
650 ## - SUBJECT ADDED ENTRY--TOPICAL TERM
Topical term or geographic name as entry element Human locomotions.
650 ## - SUBJECT ADDED ENTRY--TOPICAL TERM
Topical term or geographic name as entry element Human movement.
700 ## - ADDED ENTRY--PERSONAL NAME
Personal name Edited by: Tony Everett and
700 ## - ADDED ENTRY--PERSONAL NAME
Personal name Clare Kell
942 ## - ADDED ENTRY ELEMENTS (KOHA)
Koha item type Books
Source of classification or shelving scheme Library of Congress Classification
Call number prefix Foreign
Holdings
Withdrawn status Lost status Source of classification or shelving scheme Damaged status Home library Current library Shelving location Date acquired Source of acquisition Total Checkouts Full call number Barcode Date last seen Copy number Price effective from Koha item type
    Library of Congress Classification   College Library College Library General Circulation Section 08/02/2011 Donation   QP 303 .H88 2010 C12491 05/15/2018 1 03/10/2014 Books

Human movement:

APA

Edited by: Tony Everett and, Clare Kell, . (2010). Human movement. London: Elsevier.

Chicago

Edited by: Tony Everett and, Clare Kell, . 2010. Human movement. London: Elsevier.

Harvard

Edited by: Tony Everett and, Clare Kell, . (2010). Human movement. London: Elsevier.

MLA

Edited by: Tony Everett and, Clare Kell, . Human movement. London: Elsevier. 2010.

  • Place hold
  • Print
  • Cite
  • Add to your cart (remove)
  • Save record
    BIBTEX Dublin Core MARCXML MARC (non-Unicode/MARC-8) MARC (Unicode/UTF-8) MARC (Unicode/UTF-8, Standard) MODS (XML) RIS
  • More searches
    Search for this title in:
    Other Libraries (WorldCat) Other Databases (Google Scholar) Online Stores (Bookfinder.com) Open Library (openlibrary.org)

Exporting to Dublin Core...

SOUTHVILLE LIBRARY

Southville International School and Colleges Library

1281 Tropical Ave. Cor. Luxembourg St., BF Homes International, Las Pinas City

Tel. No. 8256374 / 252358 Loc. 117/146

Powered by Koha